Grand Central Stations Quiz - Statistics

General Stats
  • This quiz has been taken 5 times
  • The average score is 9 of 16
Answer Stats
Answer % Correct
Hartlepool
80%
London King's Cross
80%
Sunderland
80%
York
80%
Bradford Interchange
60%
Doncaster
60%
Halifax
60%
Low Moor
60%
Peterborough
60%
Brighouse
40%
Eaglescliffe
40%
Mirfield
40%
Northallerton
40%
Pontefract Monkhill
40%
Thirsk
40%
Wakefield Kirkgate
40%
No matching quizzes found
Score Distribution
Percent of People with Each Score
Percentile by Number Answered
Your Score History
You have not taken this quiz